| 000 | 00833nam a2200253Ia 4500 | ||
|---|---|---|---|
| 003 | OSt | ||
| 005 | 20220930190023.0 | ||
| 006 | a|||||r|||| 00| 0 | ||
| 007 | ta | ||
| 008 | 220926b |||||||| |||| 00| 0 hin d | ||
| 020 |
_a8170162459 (hbk) _c150 |
||
| 024 | _a1401 | ||
| 037 |
_b353, 02/03/2010, Swaraj Prakashan _cTextbook |
||
| 040 |
_aCRL _cCRL _bhin |
||
| 041 |
_2hin _ahin |
||
| 082 | _aO152,6M87x, N5;P7 | ||
| 100 | _aगुलाबराय | ||
| 245 | 0 | _aमेरे निबंध | |
| 246 | _aDalit patrakāritā mūlyāankan aur mudde | ||
| 260 |
_aनई दिल्ली, _bकिताबघर, भारत _c2007 |
||
| 300 |
_a235पृ0 _ccm. |
||
| 942 |
_hO152,6M87x, N5;P7 _cTB _2CC |
||
| 999 |
_c891466 _d891466 |
||